000 00585nam a2200217Ia 4500
003 OSt
005 20230429125445.0
008 210423s2003 xx 000 0 und d
020 _a1405101202
040 _cAL
041 _aeng
082 _a574.87322 PRIS
100 _aPRIMROSE (Sandy B).
_995447
245 _aPrinciples of genomic analysis and genomics.
260 _aNew York
_bButterworth Heinemann
_c2003
300 _aviii,263
_bPB
365 _b2400
_cINR
650 _aCell Biology
_995448
906 _aanalysis ; genomic ; genomics. ; Principles
942 _2ddc
_cBK
999 _c162890
_d162890